| 000 | 00439nam a2200169 a 4500 | ||
|---|---|---|---|
| 005 | 20140414132134.0 | ||
| 008 | 131211s19uu xx 00 eng d | ||
| 020 | _a9781601692221 | ||
| 050 |
_aTR _bHan236 2011 |
||
| 100 | _aGaydos, Nora | ||
| 245 | _aHands are not for hurting. | ||
| 260 |
_aWashington,DC : _bInnovative kids, _cc2011. |
||
| 300 | _a24 | ||
| 440 | _aNow I'm growing | ||
| 650 |
_aHands- _ximportance |
||
| 999 |
_c115297 _d115297 |
||